000 00390nam a22001697a 4500
003 OSt
005 20251004113633.0
007 348 pages
008 251004b |||||||| |||| 00| 0 eng d
020 _a9789388176644
040 _c
082 _23
_a005.133
_bKAN
245 _aLet us C++
_cKanetkar,Yashavant
250 _a3
260 _bBPB
_c2019
942 _2ddc
_cBK
_e3
_k005.133
_mKAN
_n0
999 _c36260
_d36260